000 00300nam a2200133Ia 4500
008 231129s1968||||xx |||||||||||||| ||spa||
040 _bspa
082 _a853 P337p
100 _aPavese Cesare
245 0 _aLa playa y otros relatos
260 _c1968
264 _aSeix Barral
942 _2ddc
_cBKS
999 _c17945
_d17945